000 01084nam a2200301 4500
003 EG-GICUC
005 20260511131638.0
008 260405s1935 -ge |||f |||| 00| 0 eng d
040 _a EG-GICUC
_beng
_c EG-GICUC
_d EG-GICUC
_erda
082 0 4 _a341.1
_bS C . D
_221
092 0 4 _221
099 _aLaw 11 341.1 S C . D 1935
100 1 _aSchmitz Ernst
245 _aDigest Of The Decisions Of The Permanet Court Of International Justic 1931 - 1934 :
_nTomus III /
_cBy Ernst Schmitz, B. Schenk Graf Von Stauffenberg.
264 _aBerlin:
_bCarl Heymanns Verlag,
_c1935.
300 _a108 Pages ;
_c24 Cm.
336 _2rda content
_atext
337 _2rda media
_aComputer
338 _2rda carrier
_aOnline Resource
490 _aFontes Juris Gentium
_vSeries A . Section I . Tomus III
546 _aText in English with some passages in French
650 1 4 _aPublic international law
651 1 _2qrmak
700 1 _aB. Schenk Graf Von Stauffenberg
_eAuthor.
856 4 0 _uhttps://fll.law.cu.edu.eg/fulltext/bks/B11-07182.pdf
905 _a64
942 _2ddc
_cBK
_e21
_n0
999 _c68929
_d68929